LEADER 02088nam0 2200433 i 450 001 VAN00113698 005 20240806100749.582 017 70$2N$a9783319215549 100 $a20180117d2015 |0itac50 ba 101 $aeng 102 $aCH 105 $a|||| ||||| 200 1 $aStochastic population and epidemic models$epersistence and extinction$fLinda J. S. Allen 210 $a[Cham]$cSpringer$cMathematical Biosciences Institute$d2015 215 $aX, 47 p.$cill.$d24 cm 410 1$1001VAN00113406$12001 $aStochastics in Biological Systems. Subseries$1210 $aCham [etc.]$cSpringer$v1.3 500 1$3VAN00235279$aStochastic population and epidemic models : persistence and extinction$92440570 606 $a34D20$xStability of solutions to ordinary differential equation [MSC 2020]$3VANC022916$2MF 606 $a60J85$xApplications of branching processes [MSC 2020]$3VANC030764$2MF 606 $a92D25$xPopulation dynamics (general) [MSC 2020]$3VANC022805$2MF 606 $a92D30$xEpidemiology [MSC 2020]$3VANC028389$2MF 606 $a92D40$xEcology [MSC 2020]$3VANC023326$2MF 610 $aBranching processes$9KW:K 610 $aExtinction$9KW:K 610 $aPersistence$9KW:K 610 $aPopulation models$9KW:K 610 $aStochastic models$9KW:K 620 $aCH$dCham$3VANL001889 700 1$aAllen$bLinda J. S.$3VANV052197$0755633 712 $aMathematical Biosciences Institute$3VANV114663$4650 712 $aSpringer $3VANV108073$4650 801 $aIT$bSOL$c20241115$gRICA 856 4 $uhttp://dx.doi.org/10.1007/978-3-319-21554-9$zE-book ? Accesso al full-text attraverso riconoscimento IP di Ateneo, proxy e/o Shibboleth 899 $aBIBLIOTECA DEL DIPARTIMENTO DI MATEMATICA E FISICA$1IT-CE0120$2VAN08 912 $fN 912 $aVAN00113698 950 $aBIBLIOTECA DEL DIPARTIMENTO DI MATEMATICA E FISICA$d08DLOAD e-book 0458 $e08eMF458 20180117 996 $aStochastic population and epidemic models : persistence and extinction$92440570 997 $aUNICAMPANIA LEADER 01391nam0 22003373i 450 001 VAN00292868 005 20250515081546.796 017 70$2N$a9783030852221 100 $a20250515d2021 |0itac50 ba 101 $aeng 102 $aCH 105 $a|||| ||||| 181 $ai$b e 182 $ab 183 $acr 200 1 $aHerbals of Asia$ePrevalent Diseases and Their Treatments$fKhafsa Malik ... [et al.] 210 $aCham$cSpringer$d2021 215 $aXII, 507 p.$cill.$d24 cm 620 $aCH$dCham$3VANL001889 676 $a581.7$cEcologia vegetale, piante caratteristiche di specifici ambienti$v22 676 $a571.2$cFisiologia vegetale$v22 702 1$aMalik$bKhafsa$3VANV248576 712 $aSpringer $3VANV108073$4650 801 $aIT$bSOL$c20250516$gRICA 856 4 $uhttps://link.springer.com/book/10.1007/978-3-030-85222-1$zE-book - Accesso al full-text attraverso riconoscimento IP di Ateneo, proxy e/o Shibboleth 899 $aBIBLIOTECA DEL DIPARTIMENTO DI SCIENZE E TECNOLOGIE AMBIENTALI BIOLOGICHE E FARMACEUTICHE$1IT-CE0101$2VAN17 912 $fN 912 $aVAN00292868 950 $aBIBLIOTECA DEL DIPARTIMENTO DI SCIENZE E TECNOLOGIE AMBIENTALI BIOLOGICHE E FARMACEUTICHE$d17CONS e-book 189 $e17BIB189/606 606 20250515 996 $aHerbals of Asia$94376724 997 $aUNICAMPANIA